Skúsenosti KSČ z ideologickej práce v období revolúcie a budovania socializmu priebežná správa ŠPZV-IX-7-1/5 za obdobie 1986-87
Na minha lista:
| Autor principal: | |
|---|---|
| Formato: | Livro |
| Idioma: | eslovaco |
| Publicado em: |
Bratislava
VŠE
1987
|
| Tags: |
Sem tags, seja o primeiro a adicionar uma tag!
|
MARC
| LEADER | 00000nam a2200000 4500 | ||
|---|---|---|---|
| 001 | c038696 | ||
| 005 | 20260325124046.2 | ||
| 041 | 0 | |a slo | |
| 044 | |a SK | ||
| 245 | 1 | 0 | |a Skúsenosti KSČ z ideologickej práce v období revolúcie a budovania socializmu |b priebežná správa ŠPZV-IX-7-1/5 za obdobie 1986-87 |c Ľubica Fedáková |
| 264 | 1 | |a Bratislava |b VŠE |c 1987 | |
| 300 | |a 15 s. | ||
| 100 | 1 | |a Fedáková, Ľubica | |